General Knowledge Quiz #232 - Statistics

General Stats
  • This quiz has been taken 55,772 times
  • The average score is 9 of 20
Answer Stats
Question Answer % Correct
What country starts with A and uses the Peso as its currency? Argentina
88%
What country bombed Darwin, Australia in 1942? Japan
81%
What sport is played at the Oval in London? Cricket
70%
What is the largest building (by square footage) owned by the U.S. government? The Pentagon
64%
What territory voted NOT to become a U.S. state in 1993? Puerto Rico
56%
What country's many ancient cities include Antioch, Chalcedon, Ephesus, and Nicea? Turkey
54%
Who recorded the 1986 album "Master of Puppets"? Metallica
49%
What animals are mentioned in the poem colloquially known as "Twas the Night Before Christmas"? Mouse
48%
What can range in power from F-0 (light damage) to F-5 (incredible damage)? Tornadoes
44%
The five largest islands in the Mediterranean are Sicily, Sardinia, Cyprus, Corsica, and ... Crete
42%
What's the second-most populous city in Colombia? Medellin
42%
What's the smallest breed of poodle? {Toy} poodle
38%
What's the largest type of lizard that is native to the Americas? Iguana
37%
Who was the star of the 1979 movie "Mad Max"? Mel Gibson
36%
What film director scandalously began a relationship with the 21 year old adopted daughter of his former partner Mia Farrow? Woody Allen
34%
What event was held for the first time in 1924 in Chamonix, France? The Winter Olympics
33%
What animals are mentioned in the poem colloquially known as "Twas the Night Before Christmas"? Reindeer
32%
What is the dome of the Roman Pantheon made of? Concrete
24%
What type of vessel was the Kon-Tiki? Raft
19%
What capital city in Asia was named for an Italian (because his name sounded like the original Sinhala name)? Colombo
15%
No matching quizzes found
Score Distribution
Percent of People with Each Score
Percentile by Number Answered
Your Score History
You have not taken this quiz